Normal view MARC view

Entry Personal Name

Number of records used in: 1

001 - CONTROL NUMBER

  • control field: 9644

003 - CONTROL NUMBER IDENTIFIER

  • control field: DLC

005 - DATE AND TIME OF LATEST TRANSACTION

  • control field: 20230929162304.0

008 - FIXED-LENGTH DATA ELEMENTS

  • fixed length control field: 220107n| azannaabn |n aaa c

010 ## - LIBRARY OF CONGRESS CONTROL NUMBER

  • LC control number: no2022002237

016 ## - NATIONAL BIBLIOGRAPHIC AGENCY CONTROL NUMBER

  • Record control number: 1043L1527E

035 ## - SYSTEM CONTROL NUMBER

  • System control number: (OCoLC)oca14247154

040 ## - CATALOGING SOURCE

  • Original cataloging agency: CaOONL
  • Language of cataloging: eng
  • Description conventions: rda
  • Transcribing agency: CaOONL

042 ## - AUTHENTICATION CODE

  • Authentication code: nlc

100 1# - HEADING--PERSONAL NAME

  • Personal name: Shinde, Subhash K.

670 ## - SOURCE DATA FOUND

  • Source citation: Handbook of research on machine learning, 2022:
  • Information found: CIP title page (Subhash K. Shinde) LAC CIP application (Professor and Vice Principal, Lokmanya Tilak College of Engineering (LTCoE), Navi Mumbai, Maharashtra, India)

Powered by Koha